Vista normal
Vista MARC
Entrada Materia (personas)
Número de registros utilizados en: 1
001 - CONTROL NUMBER
- control field: 183327
003 - CONTROL NUMBER IDENTIFIER
- control field: Co-BoUCM
005 - DATE AND TIME OF LATEST TRANSACTION
- control field: 20241004100127.0
008 - FIXED-LENGTH DATA ELEMENTS
- fixed length control field: 241004|| aca||aabn | a|a d
040 ## - CATALOGING SOURCE
- Original cataloging agency: Co-BoUCM
- Transcribing agency: Co-BoUCM
100 ## - HEADING--PERSONAL NAME
- Personal name: Neugebauer, Georg
670 ## - SOURCE DATA FOUND
- Source citation: Work cat.: (Co-BoUCM): Stoeglehner, Gernot 183324, Integrated Spatial and Energy Planning, 2016